| 000 | 00482nam a2200181Ia 4500 | ||
|---|---|---|---|
| 005 | 20250423095045.0 | ||
| 008 | 250422s9999 xx 000 0 und d | ||
| 020 | _a9780132016117 | ||
| 050 | _aTK 7874.65 .W34/ | ||
| 100 | _aWakerly, John F. | ||
| 245 | 0 | _aDigital design : principles and practices | |
| 260 | _aUpper Saddle River | ||
| 260 | _bPearson | ||
| 260 | _c2007 | ||
| 300 | _a802 p | ||
| 650 | _aDigital integrated circuits--Design and construction. | ||
| 942 | _cBK | ||
| 999 |
_c29107 _d29107 |
||